Tennis : Les joueurs les mieux classés par pays - Statistiques

Statistiques générales
  • Ce quiz a été pris 94 fois
  • Le résultat moyen est 20 sur 30
Statistiques - réponses
Pays Classement ATP Joueurs % Correct
Italie 1 Jannik Sinner
100%
France 16 Arthur Fils
99%
Espagne 2 Carlos Alcaraz
99%
Russie 9 Daniil Medvedev
95%
Italie 7 Lorenzo Musetti
94%
Etats-Unis 5 Taylor Fritz
91%
France 20 Ugo Humbert
89%
Royaume-Uni 4 Jack Draper
88%
Russie 14 Andrei Rublev
85%
Etats-Unis 10 Ben Shelton
84%
Australie 11 Alex De Minaur
81%
Etats-Unis 12 Francis Tiafoe
76%
Argentine 18 Francisco Cerundolo
68%
France 36 Giovanni Mpetshi Perricard
67%
Espagne 28 Alejandro Davidovich Fokina
66%
Russie 19 Karen Khachanov
66%
Canada 29 Daniel Shapovalov
65%
République Tchèque 17 Jakub Mensik
65%
Royaume-Uni 61 Cameron Norrie
62%
République Tchèque 25 Jiri Lehecka
62%
Italie 24 Flavio Cobolli
55%
République Tchèque 23 Thomas Machac
54%
Australie 22 Alexei Popyrin
49%
Canada 41 Gabriel Diallo
48%
Argentine 38 Sebastian Baez
48%
Canada 27 Felix Augier Aliassime
45%
Espagne 43 Roberto Bautista Agut
44%
Royaume-Uni 51 Jacob Fearnley
34%
Australie 45 Jordan Thompson
34%
Argentine 53 Tomas Martinez
16%
Aucun quiz correspondant
Distribution des résultats
% des personnes avec chaque résultat
Percentile par nombre de réponses
Votre historique - résultats
Vous n’avez pas pris ce quiz